Dictionnaire des Oeuvres De tous les temps et de tous les pays
| Main Author: | |
|---|---|
| Format: | Book |
| Language: | Undetermined |
| PhysicalDescription: | 679 + 30 s. |
| Published: |
Paris
Société d´édition de dictionnaires et encyclopédies
1962
|
MARC
| LEADER | 00000nam a2200000 a 4500 | ||
|---|---|---|---|
| 001 | vtls001427122 | ||
| 003 | SK-MaSNL | ||
| 005 | 20260302001810.0 | ||
| 008 | 240318s1962 xx 0 und | ||
| 035 | |a SNK000382083 | ||
| 040 | |a SNK |b slo |c SNK |e AACR2 | ||
| 100 | 1 | |a Lafont |4 aut |9 392133 | |
| 245 | 1 | 0 | |a Dictionnaire des Oeuvres |b De tous les temps et de tous les pays |
| 260 | |a Paris |b Société d´édition de dictionnaires et encyclopédies |c 1962 | ||
| 300 | |a 679 + 30 s. | ||
| 999 | |c 985359 |d 987289 | ||
| 952 | |t snkLAF/2 030 |a SNKUST |b SNKUST |y PREZ |7 0 |p 17A0296512 |o snkIB 15653/2 |i snkV 598/64 |0 0 |1 0 |4 0 |d 2002-01-15 |l 0 |r 2025-05-29 00:00:00 |w 2026-02-24 | ||


